000 00712nam a22002537a 4500
001 BR7375197
003 BR-BrBNA
005 20230928084411.0
007 ta
008 230509b bl.||||| |||| 00| 0 por d
040 _aBR-BrBNA
_bpor
_cBiblioteca Nacional de Agricultura
041 _a(Por)
072 _aE50
_b/G514
090 _ E50 BR7375197
100 1 _aLabouriau, L.G.
110 1 _aServico de Informacao Agricola, Rio de Janeiro, GB (Brasil)
245 1 _aO Brasil precisa de cooperativas escolares
260 3 _aRio de Janeiro, GB (Brasil):
_c1944.
300 _a52 p.
650 _aSociologia rural
650 _aCooperativa escolar
909 _a202309
_bLucia
_c55
_dLucia Elande
942 _cBK
999 _c18691
_d18691